Informe de la Comisión Kissinger para Centroamérica

Guardat en:
Dades bibliogràfiques
Autor corporatiu: Comisión Kissinger para Centroaméria
Format: Text
Publicat: San José: Diario "La Nación"
Matèries:
PAZ
Etiquetes: Afegir etiqueta
Sense etiquetes, Sigues el primer a etiquetar aquest registre!

MARC

LEADER 00000 a a2200000 04500
001 15236
003
040 |a CRAI/IIS  |c CRAI/IIS 
090 |a 021300  
110 |a Comisión Kissinger para Centroaméria  
245 |a Informe de la Comisión Kissinger para Centroamérica  
260 |a San José:   |b Diario "La Nación"  
300 |a 20 p.  
500 |a Separata del Diario "La Nación" (vol. 38, n. 13500)  
650 |a PAZ  
999 |c 6427  |d 6427